| 000 -LEADER |
| fixed length control field |
00890cam a2200205 a 4500 |
| 020 ## - INTERNATIONAL STANDARD BOOK NUMBER |
| ISBN |
9780810881068 (pbk. : alk. paper) |
| 020 ## - INTERNATIONAL STANDARD BOOK NUMBER |
| ISBN |
0810881063 (pbk. : alk. paper) |
| 020 ## - INTERNATIONAL STANDARD BOOK NUMBER |
| ISBN |
9780810881075 (ebook) |
| 020 ## - INTERNATIONAL STANDARD BOOK NUMBER |
| ISBN |
0810881071 (ebook) |
| 040 ## - CATALOGING SOURCE |
| Transcribing agency |
DLC |
| 082 00 - DEWEY DECIMAL CLASSIFICATION NUMBER |
| Classification number |
809 CUP 1994 C152 Or. |
| 245 00 - TITLE STATEMENT |
| Title |
Bridges to understanding : |
| Remainder of title |
envisioning the world through children's books / |
| 300 ## - PHYSICAL DESCRIPTION |
| Number of Pages |
xii, 521 pages ; |
| Dimensions |
23 cm |
| 520 ## - SUMMARY, ETC. |
| Summary, etc |
This annotated bibliography, organized geographically by world region and country, with descriptions of nearly 700 books representing more than 70 countries, is a valuable resource for librarians, teachers, and anyone else seeking to promote international understanding through children's literature |
| 650 #0 - SUBJECT ADDED ENTRY--TOPICAL TERM |
| Topical Term |
Children's literature |
| 650 #0 - SUBJECT ADDED ENTRY--TOPICAL TERM |
| Topical Term |
Children's literature |
| 650 #0 - SUBJECT ADDED ENTRY--TOPICAL TERM |
| Topical Term |
Children |
| 700 1# - ADDED ENTRY--PERSONAL NAME |
| Personal name |
Pavonetti, Linda M |
| 942 ## - ADDED ENTRY ELEMENTS (KOHA) |
| Koha item type |
ADB |
| 952 ## - LOCATION AND ITEM INFORMATION (KOHA) |
| Withdrawn status [LOCAL, KOHA] |
0 |